Φύλο και μαθηματική εκπαίδευση : διπλωματική εργασία [μεταπτυχιακή εργασία]

Αποθηκεύτηκε σε:
Λεπτομέρειες βιβλιογραφικής εγγραφής
Κύριος συγγραφέας: Καραλή, Μαρία
Συγγραφή απο Οργανισμό/Αρχή: Πανεπιστήμιο Αιγαίου Σχολή Ανθρωπιστικών Επιστημών Τμήμα Επιστημών της Προσχολικής Αγωγής και του Εκπαιδευτικού Σχεδιασμού Πρόγραμμα Μεταπτυχιακών Σπουδών Φύλο και Νέα Εκπαιδευτικά και Εργασιακά Περιβάλλοντα στην Κοινωνία της Πληροφορίας
Άλλοι συγγραφείς: Χιονίδου - Μοσκοφόγλου, Μαρία (Εισηγητής διατριβής)
Μορφή: Thesis Βιβλίο
Γλώσσα:Greek
Δημοσίευση: 2012
Θέματα:
Διαθέσιμο Online:http://hdl.handle.net/11610/13933
Ετικέτες: Προσθήκη ετικέτας
Δεν υπάρχουν, Καταχωρήστε ετικέτα πρώτοι!

MARC

LEADER 00000cam a2200000 i 4500
001 1/26906
008 130304s2012 gre d
035 |l 10113917 
040 |a GR-MY-UA  |b gre  |e aacr 
041 0 |a gre 
082 0 |a 510.92  |2 (22) 
100 1 |a Καραλή, Μαρία. 
245 1 0 |a Φύλο και μαθηματική εκπαίδευση :  |b διπλωματική εργασία [μεταπτυχιακή εργασία] /  |c Καραλή Μαρία ; επιβλέπουσα: Μαρία Χιονίδου-Μοσκοφόγλου 
260 |c 2012 
300 |a 176 σ.;  |c 30 εκ. 
500 |a Μέλη εξεταστικής επιτροπής: Πέτρος Ρούσσος, Διονύσης Γουβιάς 
502 |a Διατριβή (μεταπτυχιακή) – Πανεπιστήμιο Αιγαίου, Ρόδος, 2012. 
504 |a Βιβλιογραφία: σ. 78-83 
650 0 0 |a Mathematics  |x Study and teaching. 
650 0 0 |a Gender identity in education. 
650 0 0 |a Sex discrimination in education. 
650 0 0 |a Sex differences in education. 
650 0 0 |a Dissertations, Academic  |z Greece. 
700 1 |a Χιονίδου - Μοσκοφόγλου, Μαρία.  |4 ths 
710 1 |a Πανεπιστήμιο Αιγαίου   |b Σχολή Ανθρωπιστικών Επιστημών   |b Τμήμα Επιστημών της Προσχολικής Αγωγής και του Εκπαιδευτικού Σχεδιασμού   |b Πρόγραμμα Μεταπτυχιακών Σπουδών Φύλο και Νέα Εκπαιδευτικά και Εργασιακά Περιβάλλοντα στην Κοινωνία της Πληροφορίας. 
852 |a INST  |b RHODES  |c DIATR  |e 20130304  |h 510.92 ΚΑΡ  |p 005400034979  |q 005400034979  |t MTXE  |y 23 
852 |a INST  |b RHODES  |c DIATR  |e 20130304  |h 510.92 ΚΑΡ  |p 005400034980  |q 005400034980  |t MTXE  |y 23 
856 |u http://hdl.handle.net/11610/13933 
901 |a BIBL4-2013-1 
909 |a Ρ  |b 176509 
909 |a Ρ  |b 176510 
924 |a ΚΑΡΑΛΗ  |b ΜΑΡΙΑ  |y ΡΟΔΟΣ  |z 2012 
970 |z 2013/03/04